Performance and the political : (Record no. 142041)

MARC details
000 -LEADER
fixed length control field 00668nam a22001937a 4500
005 - DATE AND TIME OF LATEST TRANSACTION
control field 20230704103917.0
010 ## - LCCN (DPL NO)
LC control number ENG-118946 ENG-137255
020 ## - INTERNATIONAL STANDARD BOOK NUMBER
International Standard Book Number 9789386392459
Terms of availability 795.00
035 ## - SYSTEM CONTROL NUMBER
System control number EN-102478 EN-120787
037 ## - SOURCE OF ACQUISITION
Source of stock number/acquisition DBAD/PUB
082 ## - DEWEY DECIMAL CLASSIFICATION NUMBER
Classification number 320
100 ## - MAIN ENTRY--PERSONAL NAME
Personal name Parameswaran, Ameet
245 ## - TITLE STATEMENT
Title Performance and the political :
Statement of responsibility, etc by Ameet Parameswaran
Remainder of title power and pleasure in contemporrary Kerla /
260 ## - PUBLICATION, DISTRIBUTION, ETC. (IMPRINT)
Place of publication, distribution, etc Telangana
Name of publisher, distributor, etc Orient Blackswan
Date of publication, distribution, etc 2017
270 ## - ADDRESS
Address 3-6-752 Himayatnagar, Hyderabad
City Telangana
Postal code 500029
300 ## - PHYSICAL DESCRIPTION
Extent ix,248p.
Dimensions 22cm(Hb)
500 ## - GENERAL NOTE
General note Includes bibliographical reference and index
942 ## - ADDED ENTRY ELEMENTS (KOHA)
Source of classification or shelving scheme Dewey Decimal Classification
Item type English Books
Classification part 320
Call number suffix PAR
Holdings
Withdrawn status Lost status Not for loan Collection code Home library Current library Date acquired Source of acquisition Cost, normal purchase price Full call number Barcode Copy number Cost, replacement price Koha item type
    Not For Loan Non-fiction D.B.Act.Division Bawana 27/06/2017 DBAD/PUB 795.00 320 PAR EN-102478 1 795.00 English Books
      Non-fiction Bawana Bawana 04/07/2023 DBAD/PUB 795.00 320 PAR EN-120787 1 795.00 English Books

© Delhi Public Library
Hit Counter
free hit counter